Statistics for Cockney Slang

Click here to take the quiz!

General Stats

  • This quiz has been taken 65 times
  • The average score is 16 of 44

Answer Stats

HintExtra HintAnswer% Correct
Apples and PearsStairs
88%
Cream CrackeredKnackered
81%
Dog and BonePhone
81%
PorkiesPorkie PiesLies
79%
Ruby MurrayCurry
73%
Butcher'sHookLook
71%
BarnetFairHair
69%
Tea LeafThief
65%
Brown BreadDead
62%
ScoobyDooClue
58%
Adam and EveBelieve
56%
Rosy LeeTea
52%
Jam JarCar
50%
BoatRaceFace
50%
BarneyRubbleTrouble
50%
Whistle& FluteSuit
40%
CockleCock and HenTen
40%
Monkey£Five Hundred
38%
Ton£Hundred
38%
Score£Twenty
38%
MincersMince PiesEyes
37%
Half InchPinch
37%
Little Bo PeepSheep
37%
ChinaPlateMate
35%
Breadand HoneyMoney
31%
JimmyRiddlePiddle
27%
SkyRocketPocket
23%
HankMarvinStarving
23%
Pony£Twenty Five
23%
Loafof BreadHead
21%
Richardthe ThirdTurd
21%
ToddSloaneAlone
19%
JacksJack JonesAlone
19%
Currant BunSun
19%
DonkeysEarsYears
17%
BubbleBathLaugh
15%
Ponyand TrapCrap
13%
Richiethe ThirdBird
10%
ArisAristotleArse
8%
DickieBirdWord
8%
Rockn RollDole
6%
Bagof SandGrand
6%
RaspberryRippleCripple
4%
BirdLimePrison Time
2%

Score Distribution

Percentile by Number Answered

Percent of People with Each Score

Your Score History

You have not taken this quiz